<?xml version="1.0" encoding="UTF-8"?>
<record
    xmlns:xsi="http://www.w3.org/2001/XMLSchema-instance"
    xsi:schemaLocation="http://www.loc.gov/MARC21/slim http://www.loc.gov/standards/marcxml/schema/MARC21slim.xsd"
    xmlns="http://www.loc.gov/MARC21/slim">

  <leader>00362nam a22001577a 4500</leader>
  <controlfield tag="003">SGT</controlfield>
  <datafield tag="020" ind1=" " ind2=" ">
    <subfield code="a">9789356061972</subfield>
  </datafield>
  <datafield tag="082" ind1=" " ind2=" ">
    <subfield code="a">005,GOP</subfield>
  </datafield>
  <datafield tag="100" ind1=" " ind2=" ">
    <subfield code="a">GOPAL, M</subfield>
  </datafield>
  <datafield tag="245" ind1=" " ind2=" ">
    <subfield code="a">DEEP LEARNING -CORE CONCEPTS METHODS AND APPLICATIONS </subfield>
  </datafield>
  <datafield tag="250" ind1=" " ind2=" ">
    <subfield code="a">1ST</subfield>
  </datafield>
  <datafield tag="260" ind1=" " ind2=" ">
    <subfield code="a">INDIA </subfield>
    <subfield code="b">PEARSON </subfield>
    <subfield code="c">2023</subfield>
  </datafield>
  <datafield tag="300" ind1=" " ind2=" ">
    <subfield code="a">292</subfield>
  </datafield>
  <datafield tag="650" ind1=" " ind2=" ">
    <subfield code="a">COMPUTER SCIENCE </subfield>
  </datafield>
  <datafield tag="942" ind1=" " ind2=" ">
    <subfield code="2">ddc</subfield>
    <subfield code="c">BK</subfield>
    <subfield code="0">10</subfield>
  </datafield>
  <datafield tag="952" ind1=" " ind2=" ">
    <subfield code="0">0</subfield>
    <subfield code="1">0</subfield>
    <subfield code="2">ddc</subfield>
    <subfield code="4">0</subfield>
    <subfield code="5">1</subfield>
    <subfield code="7">0</subfield>
    <subfield code="8">ENGG</subfield>
    <subfield code="a">FE</subfield>
    <subfield code="b">FE</subfield>
    <subfield code="c">REF</subfield>
    <subfield code="d">2023-09-06</subfield>
    <subfield code="e">AHUJA BOOK COMPANY</subfield>
    <subfield code="g">530.00</subfield>
    <subfield code="i">SGTU</subfield>
    <subfield code="o">005,GOP</subfield>
    <subfield code="p">FE8717</subfield>
    <subfield code="r">2023-09-06 00:00:00</subfield>
    <subfield code="w">2023-06-16</subfield>
    <subfield code="y">BK</subfield>
    <subfield code="k">16906</subfield>
  </datafield>
  <datafield tag="952" ind1=" " ind2=" ">
    <subfield code="0">0</subfield>
    <subfield code="1">0</subfield>
    <subfield code="2">ddc</subfield>
    <subfield code="4">0</subfield>
    <subfield code="7">0</subfield>
    <subfield code="8">ENGG</subfield>
    <subfield code="a">FE</subfield>
    <subfield code="b">FE</subfield>
    <subfield code="c">TXT</subfield>
    <subfield code="d">2023-09-06</subfield>
    <subfield code="e">AHUJA BOOK COMPANY</subfield>
    <subfield code="g">530.00</subfield>
    <subfield code="i">SGTU</subfield>
    <subfield code="l">5</subfield>
    <subfield code="m">2</subfield>
    <subfield code="o">005,GOP</subfield>
    <subfield code="p">FE8718</subfield>
    <subfield code="r">2026-05-21 00:00:00</subfield>
    <subfield code="s">2026-05-21</subfield>
    <subfield code="w">2023-06-16</subfield>
    <subfield code="y">BK</subfield>
    <subfield code="k">16906</subfield>
  </datafield>
  <datafield tag="952" ind1=" " ind2=" ">
    <subfield code="0">0</subfield>
    <subfield code="1">0</subfield>
    <subfield code="2">ddc</subfield>
    <subfield code="4">0</subfield>
    <subfield code="7">0</subfield>
    <subfield code="8">ENGG</subfield>
    <subfield code="a">FE</subfield>
    <subfield code="b">FE</subfield>
    <subfield code="c">TXT</subfield>
    <subfield code="d">2023-09-06</subfield>
    <subfield code="e">AHUJA BOOK COMPANY</subfield>
    <subfield code="g">530.00</subfield>
    <subfield code="i">SGTU</subfield>
    <subfield code="l">5</subfield>
    <subfield code="m">5</subfield>
    <subfield code="o">005,GOP</subfield>
    <subfield code="p">FE8719</subfield>
    <subfield code="r">2025-03-17 00:00:00</subfield>
    <subfield code="s">2025-03-05</subfield>
    <subfield code="w">2023-06-16</subfield>
    <subfield code="y">BK</subfield>
    <subfield code="k">16906</subfield>
  </datafield>
  <datafield tag="952" ind1=" " ind2=" ">
    <subfield code="0">0</subfield>
    <subfield code="1">0</subfield>
    <subfield code="2">ddc</subfield>
    <subfield code="4">0</subfield>
    <subfield code="7">0</subfield>
    <subfield code="8">ENGG</subfield>
    <subfield code="a">FE</subfield>
    <subfield code="b">FE</subfield>
    <subfield code="c">TXT</subfield>
    <subfield code="d">2023-09-06</subfield>
    <subfield code="e">AHUJA BOOK COMPANY</subfield>
    <subfield code="g">530.00</subfield>
    <subfield code="i">SGTU</subfield>
    <subfield code="l">6</subfield>
    <subfield code="m">1</subfield>
    <subfield code="o">005,GOP</subfield>
    <subfield code="p">FE8720</subfield>
    <subfield code="r">2025-08-12 00:00:00</subfield>
    <subfield code="s">2025-08-12</subfield>
    <subfield code="w">2023-06-16</subfield>
    <subfield code="y">BK</subfield>
    <subfield code="k">16906</subfield>
  </datafield>
  <datafield tag="952" ind1=" " ind2=" ">
    <subfield code="0">0</subfield>
    <subfield code="1">0</subfield>
    <subfield code="2">ddc</subfield>
    <subfield code="4">0</subfield>
    <subfield code="7">0</subfield>
    <subfield code="8">ENGG</subfield>
    <subfield code="a">FE</subfield>
    <subfield code="b">FE</subfield>
    <subfield code="c">TXT</subfield>
    <subfield code="d">2023-09-06</subfield>
    <subfield code="e">AHUJA BOOK COMPANY</subfield>
    <subfield code="g">530.00</subfield>
    <subfield code="i">SGTU</subfield>
    <subfield code="l">0</subfield>
    <subfield code="o">005,GOP</subfield>
    <subfield code="p">FE8721</subfield>
    <subfield code="r">2023-09-06 00:00:00</subfield>
    <subfield code="w">2023-06-16</subfield>
    <subfield code="y">BK</subfield>
    <subfield code="k">16906</subfield>
  </datafield>
  <datafield tag="999" ind1=" " ind2=" ">
    <subfield code="c">24984</subfield>
    <subfield code="d">24984</subfield>
  </datafield>
</record>
